| 000 | 00605cam a22002051 4500 | ||
|---|---|---|---|
| 001 | sa 63000445 | ||
| 003 | DLC | ||
| 005 | 20260227111921.0 | ||
| 008 | 720602s1962 ii 000 0 eng | ||
| 010 | _asa 63000445 | ||
| 035 | _a(OCoLC)323535 | ||
| 040 |
_aDLC _cODaWU _dOCoLC _dDLC |
||
| 042 | _apremarc | ||
| 050 | 0 | 0 |
_aPK2903 _b.K66 1962 |
| 100 | 0 |
_aKrishna Chaitanya, _d1918- |
|
| 245 | 0 | 2 |
_aA new history of Sanskrit literature _c[by] Krishna Chaitanya. |
| 260 |
_aBombay, _aNew York, _bAsia Pub. House _c[1962] |
||
| 300 |
_a490 p. _c23 cm. |
||
| 650 | 0 |
_aSanskrit literature _xHistory and criticism. |
|
| 999 |
_c53492 _d53492 |
||